000
00256nam a2200097Ia 4500
001
1252092
005
20251031150927.0
008
251031s9999 xx 000 0 und d
245
0
_c
OSCAR BRENİFİER
_a
P-5 BÜYÜMEK ZORUNDAMIYIM?
260
_b
TUDEM YAYINLARI
999
_c
1252092
_d
1252092